Effects of Child Sexual Abuse (CSA) (Record no. 509653)

000 -LEADER
fixed length control field 00389nam a2200157 4500
008 - FIXED-LENGTH DATA ELEMENTS--GENERAL INFORMATION
fixed length control field 190517b ||||| |||| 00| 0 eng d
100 ## - MAIN ENTRY--PERSONAL NAME
Personal name Sagar, Rajesh
245 ## - TITLE STATEMENT
Title Effects of Child Sexual Abuse (CSA)
260 ## - PUBLICATION, DISTRIBUTION, ETC. (IMPRINT)
Date of publication, distribution, etc 2018
300 ## - PHYSICAL DESCRIPTION
Extent p.38-43.
650 ## - SUBJECT ADDED ENTRY--TOPICAL TERM
Topical term or geographic name as entry element Child
9 (RLIN) 4009
700 ## - ADDED ENTRY--PERSONAL NAME
Personal name Satpathy, Sujata
9 (RLIN) 5755
773 ## - HOST ITEM ENTRY
Main entry heading Dialogue
906 ## - LOCAL DATA ELEMENT F, LDF (RLIN)
Subject DIP Sexual abuse
942 ## - ADDED ENTRY ELEMENTS (KOHA)
Source of classification or shelving scheme
Item type Articles
Holdings
Withdrawn status Lost status Source of classification or shelving scheme Damaged status Not for loan Permanent location Current location Date acquired Serial Enumeration / chronology Barcode Date last seen Koha item type
          Indian Institute of Public Administration Indian Institute of Public Administration 2019-05-17 20(2), Oct-Dec, 2018: p.38-43. AR119785 2019-05-17 Articles

Powered by Koha